[Event "Challenge"]
[Site "http://www.queenalice.com/game.php?id=1450310"]
[Date "2016.11.14"]
[Round "-"]
[White "vieri"]
[Black "TIKAR"]
[Result "0-1"]
[WhiteElo "1383"]
[BlackElo "1606"]

1. g3 e5 2. Bg2 Nf6 3. Nf3 Nc6 4. c3 h6 5. O-O d5 6. d4 e4 7. Ne5 Bd6 8. Qb3
Nxe5 9. f4 Nc4 10. Na3 a6 11. Nxc4 dxc4 12. Qxc4 O-O 13. f5 Bxf5 14. h3 Be6 15.
Qa4 Nh5 16. g4 Nf4 0-1

[Event "Challenge"]
[Site "http://www.queenalice.com/game.php?id=1469859"]
[Date "2017.3.21"]
[Round "-"]
[White "Baby_Chess_91"]
[Black "vieri"]
[Result "0-1"]
[WhiteElo "1193"]
[BlackElo "1399"]

1. e4 g6 2. d3 Bg7 3. Nf3 d6 4. d4 Nf6 5. Nbd2 O-O 6. Bc4 Ng4 7. O-O c5 8. e5
dxe5 9. Ng5 Qa5 10. Nde4 exd4 11. Bxf7+ Rxf7 12. Nxf7 Kxf7 13. Ng5+ Kg8 14. Qe2
Nc6 15. Qc4+ Kh8 16. Qf7 Bd7 17. Qd5 h6 18. Qxd7 hxg5 19. Qxb7 Rb8 20. Qxc6 Kh7
21. Bxg5 Rxb2 22. Qd7 Bf8 23. Qxg4 Bh6 24. Bxe7 Qc7 25. Qh4 Qe5 26. Rae1 Qf5 27.
Bg5 Qxg5 28. Qxg5 Bxg5 29. Re8 Rxc2 30. g3 Rxa2 31. h4 Bh6 32. Re7+ Bg7 33. Rfe1
d3 34. g4 d2 35. Rd1 c4 36. Rc7 c3 37. f4 c2 38. Rxd2 Ra1+ 39. Kf2 c1=Q 40. Rxc1
Rxc1 41. Rd5 Rh1 42. Kg3 Rg1+ 43. Kf3 Rf1+ 44. Kg2 Rxf4 45. Kg3 Re4 46. h5 Re3+
47. Kh4 Bf6+ 48. g5 Re4+ 49. Kg3 Re3+ 50. Kf4 Re6 51. gxf6 Rxf6+ 52. Kg4 gxh5+
53. Rxh5+ Kg6 54. Rg5+ Kf7 55. Ra5 Rg6+ 56. Kf5 Kg7 57. Rxa7+ Kh6 58. Ra1 Rg5+
59. Kf4 Kg6 60. Ra6+ Kh5 61. Kf3 Rf5+ 62. Kg3 Rg5+ 63. Kh2 Re5 64. Kg3 Re3+ 65.
Kf4 Re8 66. Ra5+ Kg6 67. Ra6+ Kh5 68. Ra5+ Kh4 69. Ra4 Rf8+ 70. Ke5+ Kg5 71. Ke6
Re8+ 72. Kf7 Rb8 73. Ra5+ Kh6 74. Kf6 Rf8+ 75. Ke7 Rb8 76. Kf6 Rb6+ 77. Kf5 Rg6
78. Kf4 Rf6+ 79. Kg4 Rg6+ 80. Kh4 Re6 81. Rh5+ Kg6 82. Kg4 Re4+ 83. Kf3 Rc4 84.
Re5 Kf6 85. Re3 Kf5 86. Ke2 Kf4 87. Rf3+ Kg4 88. Kf2 Rc2+ 89. Ke3 Rc3+ 90. Ke4
Rxf3 91. Ke5 Kg5 92. Ke4 Rf4+ 93. Ke3 Kf5 94. Kd3 Ke5 95. Ke3 Re4+ 96. Kd3 Kd5
97. Kc3 Rc4+ 98. Kd3 Ra4 99. Kc3 Kc5 100. Kb3 Kb5 101. Kc3 Ra3+ 102. Kd4 Ra4+
103. Kd5 Kb6 104. Ke5 Kc6 105. Ke6 Kc5 106. Ke5 Kc4 107. Ke4 Kc3+ 108. Ke5 Kd3
109. Kd5 Rd4+ 110. Ke5 Ke3 111. Kf5 Re4 112. Kf6 Kf4 113. Kf7 Kf5 114. Kg7 Re6
115. Kf7 Rd6 116. Ke7 Ke5 117. Kf7 Rd7+ 118. Ke8 Ke6 119. Kf8 Rd8+ 120. Kg7 Rd7+
121. Kf8 Kf6 122. Ke8 Re7+ 123. Kf8 Rc7 124. Ke8 Ke6 125. Kd8 Re7 126. Kc8 Rd7
127. Kb8 Kd6 128. Kc8 Kc6 129. Kb8 Rc7 130. Ka8 Rc8+ 131. Ka7 Kb5 132. Kb7 Rc6
133. Ka7 Rc7+ 134. Kb8 Kb6 135. Ka8 Rc8# 0-1

[Event "Challenge"]
[Site "http://www.queenalice.com/game.php?id=1483402"]
[Date "2017.6.23"]
[Round "-"]
[White "vieri"]
[Black "Baby_Chess_91"]
[Result "1-0"]
[WhiteElo "1369"]
[BlackElo "1130"]

1. Nf3 Nc6 2. g3 e5 3. Bg2 Bc5 4. O-O e4 5. Nh4 Nf6 6. e3 d5 7. c3 b5 8. d4 O-O
9. dxc5 Ne5 10. Qd4 Nd3 11. b3 Nxc1 12. Rxc1 Bf5 13. Nxf5 c6 14. h3 Qa5 15. Ne7+
Kh8 16. Nxc6 Qc7 17. Ne5 Qc8 18. a4 Qa6 19. c6 bxa4 20. bxa4 Rfb8 21. Qc5 Re8
22. Nxf7+ Kg8 23. Nd6 Re5 24. f4 Rb8 25. fxe5 Rb2 26. Bf1 Re2 27. c7 Kf8 28.
c8=Q+ Qxc8 29. Qxc8+ Ke7 30. Qc7+ Ke6 31. Bxe2 Nd7 32. Nf7 h6 33. Bh5 Ke7 34.
Qd8+ Ke6 35. Rf1 d4 36. Qe8+ Kd5 37. Qxd7+ Kc4 38. Qxd4+ Kb3 39. Bd1+ Kb2 40.
Qd2+ Kxa1 41. Na3 g5 42. Qc2 h5 43. Rf2 h4 44. Qb2# 1-0

[Event "Challenge"]
[Site "http://www.queenalice.com/game.php?id=1490083"]
[Date "2017.8.13"]
[Round "-"]
[White "vieri"]
[Black "GFB"]
[Result "1-0"]
[WhiteElo "1375"]
[BlackElo "1657"]

1. g3 g5 2. h3 e5 3. Bg2 d5 4. d4 Nc6 5. dxe5 Nxe5 6. Qd4 f6 7. Nf3 Be6 8. O-O
Nc6 9. Qd2 Bd6 10. Nc3 a6 11. Qe3 Qe7 12. a3 h5 13. b4 Nh6 14. b5 Nf5 15. Qd3
Ne5 16. Qd1 a5 17. Nxe5 Bxe5 18. Bb2 Qc5 19. Nxd5 Bxb2 20. Ra2 Be5 21. a4 O-O-O
22. e4 Ne7 23. Qe2 Rh6 24. Nxe7+ Qxe7 25. c4 Qc5 26. h4 Bxc4 27. Qc2 g4 28. Qc1
Rhh8 29. Kh2 Rd4 30. Rc2 Qb4 31. Rd1 Rxe4 32. Bxe4 Bb3 33. Bf5+ Kb8 34. Rd7 Bxc2
35. Qxc2 Bd6 36. Qe2 b6 37. Kg2 Qxa4 38. Rf7 Be5 39. Bd3 Qd4 40. f4 Qd5+ 41. Be4
Qxf7 42. fxe5 fxe5 43. Qd3 Qa2+ 44. Kh1 Qa1+ 45. Kh2 Rf8 46. Bg2 Rf2 47. Qd8+
Ka7 48. Qxc7# 1-0

[Event "Challenge"]
[Site "http://www.queenalice.com/game.php?id=1490654"]
[Date "2017.8.18"]
[Round "-"]
[White "EUGENIO"]
[Black "vieri"]
[Result "1-0"]
[WhiteElo "1737"]
[BlackElo "1402"]

1. c4 g6 2. Nc3 Bg7 3. d4 Nf6 4. Nf3 c6 5. Bd2 h6 6. Qc1 d6 7. g3 O-O 8. Bxh6
Bh8 9. Bxf8 Qxf8 10. Ng5 Qh6 11. Bg2 Ng4 12. d5 c5 13. Nb5 Na6 14. Bf3 f6 15.
Bxg4 fxg5 16. Bxc8 Rxc8 17. Nxa7 Rc7 18. Nb5 Rd7 19. O-O e5 20. Kg2 e4 21. Rb1
Qh5 22. Qe3 Qg4 23. f3 Qh5 24. Qxe4 Kh7 25. Qe8 Rg7 26. Nxd6 g4 27. Nf7 Nc7 28.
Qxh8# 1-0

[Event "Challenge"]
[Site "http://www.queenalice.com/game.php?id=1497480"]
[Date "2017.10.3"]
[Round "-"]
[White "GFB"]
[Black "vieri"]
[Result "0-1"]
[WhiteElo "1670"]
[BlackElo "1407"]

1. e4 g6 2. Nf3 Bg7 3. e5 e6 4. Nc3 Nh6 5. h3 c6 6. a3 a6 7. d4 Nf5 8. Bd3 d6 9.
Bxf5 exf5 10. Bg5 Qb6 11. exd6 O-O 12. b4 a5 13. Be3 axb4 14. Qb1 Qa5 15. axb4
Qxa1 16. Qxa1 Rxa1+ 17. Nd1 Ra2 18. c3 Rd8 19. Bf4 Re8+ 20. Be5 f6 21. O-O fxe5
22. Re1 e4 23. Nh2 Re6 24. f3 Rxd6 25. fxe4 Bh6 26. e5 Rd5 27. Ne3 Bxe3+ 28.
Rxe3 Ra1+ 29. Kf2 f4 30. Re4 g5 31. Kf3 Bf5 32. Re2 Rh1 33. g3 Bd3 34. Rd2 Bc4
35. Kg2 Re1 36. Nf3 Re3 37. Rc2 h6 38. Nd2 Bd3 39. Ra2 Re2+ 40. Kf1 Rh2+ 41. Ke1
Rh1+ 42. Kf2 Rh2+ 0-1

[Event "Challenge"]
[Site "http://www.queenalice.com/game.php?id=1503895"]
[Date "2017.11.16"]
[Round "-"]
[White "vieri"]
[Black "dogxadrez"]
[Result "0-1"]
[WhiteElo "1434"]
[BlackElo "1748"]

1. g3 d5 2. Bg2 e5 3. d3 Nf6 4. Nf3 Nc6 5. O-O Be7 6. Nc3 O-O 7. a3 d4 8. Na4 b5
9. Nxe5 Nxe5 10. Nc3 dxc3 11. bxc3 Rb8 12. d4 Nc4 13. Qd3 a5 14. Bc6 Bxa3 15.
Bxa3 Nxa3 16. Rxa3 Qd6 17. Bxb5 Qxa3 18. Qc4 Bh3 19. Re1 Qb2 20. Ba4 Qb1 21.
Rxb1 Rxb1# 0-1

[Event "Challenge"]
[Site "http://www.queenalice.com/game.php?id=1503897"]
[Date "2017.11.16"]
[Round "-"]
[White "vieri"]
[Black "minuitpile"]
[Result "0-1"]
[WhiteElo "1494"]
[BlackElo "1684"]

1. g3 e5 2. d3 d5 3. Na3 Nf6 4. Bg2 d4 5. Nf3 Nc6 6. O-O h6 7. e4 dxe3 8. fxe3
Bg4 9. h3 Be6 10. e4 Bc5+ 11. Kh1 O-O 12. Nb5 Nh5 13. Qe1 f6 14. Kh2 a6 15. Qc3
Qe7 16. Nh4 axb5 17. a3 Qf7 18. Qxc5 Qe7 19. Qxe7 Nxe7 20. g4 Nf4 21. Bxf4 exf4
22. Rxf4 b4 23. a4 Ra5 24. c3 bxc3 25. bxc3 h5 26. gxh5 Rxh5 27. d4 g5 28. Ng6
Nxg6 29. Rf2 Bxh3 30. Bxh3 Nf4 31. Rxf4 gxf4 32. Rf1 Rh4 33. Rg1+ Kf7 34. e5
fxe5 35. dxe5 Rfh8 36. e6+ Ke7 37. Rg7+ Kd6 0-1

[Event "Challenge"]
[Site "http://www.queenalice.com/game.php?id=1505263"]
[Date "2017.11.23"]
[Round "-"]
[White "vieri"]
[Black "knight576"]
[Result "1-0"]
[WhiteElo "1434"]
[BlackElo "2083"]

1. Nf3 c5 2. g3 d5 3. d3 Nc6 4. Bg2 Nf6 5. O-O e5 6. b3 Be7 7. a3 Bf5 8. h3 h5
9. c4 e4 10. Ng5 Nh7 11. h4 Nxg5 12. hxg5 Bxg5 13. Bxg5 Qxg5 14. dxe4 dxe4 15.
e3 h4 16. f3 hxg3 17. Qe1 Qh4 18. Qxg3 Qxg3 19. Nd2 O-O-O 20. Ra2 Rxd2 21. Rxd2
exf3 22. Rff2 1-0

[Event "Challenge"]
[Site "http://www.queenalice.com/game.php?id=1505264"]
[Date "2017.11.23"]
[Round "-"]
[White "vieri"]
[Black "knight576"]
[Result "1-0"]
[WhiteElo "1464"]
[BlackElo "2053"]

1. Nf3 d5 2. g3 c5 3. d3 Nc6 4. Bg2 f5 5. O-O h6 6. b3 e5 7. c4 d4 8. e4 fxe4 9.
dxe4 Be7 10. Na3 Bg4 11. Qd2 a6 12. Nxe5 Nxe5 13. Qf4 Qd6 14. h3 Bg5 15. Qxg5
hxg5 16. hxg4 Qh6 17. f3 Qh2+ 18. Kf2 Nd3+ 19. Ke2 Qxg2+ 20. Kxd3 Qxf1+ 21. Kc2
Qxf3 22. Bd2 1-0

[Event "Challenge"]
[Site "http://www.queenalice.com/game.php?id=1507663"]
[Date "2017.12.12"]
[Round "-"]
[White "cavaliernoir"]
[Black "vieri"]
[Result "1-0"]
[WhiteElo "1340"]
[BlackElo "1494"]

1. e4 g6 2. d4 Bg7 3. Nf3 d6 4. Nc3 Nf6 5. e5 dxe5 6. Nxe5 O-O 7. Bc4 Qd6 8. Nf3
Qb4 9. Bd3 Nh5 10. a3 Qd6 11. Ne4 Qb6 12. c3 f5 13. Bc4+ Kh8 14. Nc5 a5 15. Ng5
Bf6 16. Nce6 Re8 17. Qa4 Rg8 18. Nf7# 1-0

[Event "Challenge"]
[Site "http://www.queenalice.com/game.php?id=1510869"]
[Date "2018.1.7"]
[Round "-"]
[White "Sam94"]
[Black "vieri"]
[Result "1-0"]
[WhiteElo "1586"]
[BlackElo "1486"]

1. d4 e6 2. c4 b6 3. Nf3 Nc6 4. Bg5 f6 5. Bf4 Bb4+ 6. Bd2 f5 7. a3 Bd6 8. d5
exd5 9. e3 dxc4 10. Bxc4 Qf6 11. Qb3 Bb7 12. Bb4 Bxb4+ 13. axb4 O-O-O 14. O-O f4
15. Nbd2 fxe3 16. Ne4 Qe7 17. Qxe3 Nxb4 18. Rxa7 d5 19. Neg5 Qxe3 20. fxe3 Rd7
21. Bb5 c6 22. Ba4 b5 23. Bd1 h6 24. Ne6 Kb8 25. Ra3 Nf6 26. Bb3 Ng4 27. Nc5
Nxe3 28. Nxd7+ Kc7 29. Nfe5 Re8 30. Re1 g5 31. Rxe3 d4 32. Rf3 h5 33. Rf7 g4 34.
Nf6+ Kd6 35. Nxe8+ Kxe5 36. Rxb7 d3 37. Re7+ Kd4 38. Ra1 Kc5 39. Nc7 h4 40. Rae1
d2 41. Rd1 Kd6 42. Rh7 Nd3 43. Rxd2 Kc5 44. Rxd3 g3 45. h3 Kb6 46. Na8+ Ka5 47.
Rd4 Ka6 48. Rd6 Ka5 49. Rxh4 Ka6 50. Ra4+ bxa4 51. Bxa4 Ka5 52. b3 Kb4 53. Rxc6
Ka3 54. h4 Kb2 55. h5 Ka3 56. h6 Kb4 57. h7 Ka3 58. h8=Q Ka2 59. Rc2+ Ka3 60.
Qf8# 1-0

[Event "Challenge"]
[Site "http://www.queenalice.com/game.php?id=1516836"]
[Date "2018.2.21"]
[Round "-"]
[White "cavaliernoir"]
[Black "vieri"]
[Result "0-1"]
[WhiteElo "1386"]
[BlackElo "1486"]

1. e4 e5 2. Nf3 Qe7 3. d4 d6 4. Be3 Nf6 5. Bg5 h6 6. Bxf6 Qxf6 7. Nc3 Be7 8. Nd5
Qg6 9. Qd3 Qg5 10. Nxg5 hxg5 11. Nxe7 Kxe7 12. dxe5 dxe5 13. Qd4 exd4 14. Rd1
Rd8 15. h4 g4 16. Be2 Nc6 17. O-O Be6 18. b3 Ne5 19. f3 g3 20. f4 Ng4 21. Bxg4
Bxg4 22. Rd3 Be2 23. Rff3 Bxd3 24. Rxd3 Rd6 25. Rxg3 g6 26. e5 Rc6 27. c4 Rd8
28. a4 a5 29. Kh2 d3 30. f5 d2 31. h5 d1=Q 32. hxg6 Rh8+ 33. Rh3 Rg8 34. f6+ Ke6
35. gxf7 Kxf7 36. Re3 Qd2 37. Rh3 Qf4+ 38. Kg1 Qxe5 39. Rh6 Qe1+ 40. Kh2 Qf1 41.
Kh3 Qxg2+ 42. Kh4 Qg4# 0-1

[Event "Challenge"]
[Site "http://www.queenalice.com/game.php?id=1520246"]
[Date "2018.3.19"]
[Round "-"]
[White "colonelkurtz"]
[Black "vieri"]
[Result "0-1"]
[WhiteElo "1509"]
[BlackElo "1498"]

1. g3 g6 2. d4 Bg7 3. Nf3 d6 4. Bg2 Nf6 5. b3 O-O 6. c4 a6 7. e3 e6 8. Bb2 c6 9.
b4 b5 10. c5 Ne4 11. Nfd2 d5 12. Nxe4 dxe4 13. Bxe4 f5 14. Bg2 a5 15. Qd2 a4 16.
Nc3 Nd7 17. Bxc6 Ra6 18. Bxb5 Ra7 19. d5 Ne5 20. Be2 a3 21. Bc1 exd5 22. Nxd5
Bb7 23. e4 fxe4 24. Nb6 Qxd2+ 25. Bxd2 Nc6 26. Nd7 Rd8 27. Bg4 h5 28. Be6+ Kh7
29. Bg5 Bxa1 30. Bxd8 Nxd8 31. Nf6+ Kg7 32. Nd7 Nxe6 33. Kd2 Bd4 34. Re1 Bxf2
35. Rf1 Bd4 36. Nb8 Ra4 37. Rb1 e3+ 38. Kd3 Ra8 39. Nd7 Ba6+ 40. b5 Bb7 41. c6
Bc8 42. b6 Bxb6 43. Nxb6 Rb8 44. Kxe3 Ba6 45. Nd5 Rxb1 0-1

[Event "Challenge"]
[Site "http://www.queenalice.com/game.php?id=1521284"]
[Date "2018.3.26"]
[Round "-"]
[White "cavaliernoir"]
[Black "vieri"]
[Result "0-1"]
[WhiteElo "1467"]
[BlackElo "1514"]

1. e4 e5 2. Nf3 Nf6 3. Bc4 g6 4. d3 Bg7 5. Bg5 h6 6. Be3 Ng4 7. Bd2 O-O 8. O-O
Qe7 9. a3 c6 10. Bb4 d6 11. d4 b5 12. Be2 Na6 13. h3 Nf6 14. c3 Nxe4 15. Re1
exd4 16. cxd4 Nxb4 17. axb4 d5 18. Ne5 Qxb4 19. Nd3 Qd6 20. Nc5 Nxc5 21. dxc5
Qxc5 22. Bf3 Bd4 23. Rf1 Bxb2 24. Ra2 Be5 25. Re2 Bf4 26. Rc2 Qd6 27. Re1 Bb7
28. Nc3 b4 29. Ne2 Bh2+ 30. Kh1 b3 31. Rc3 Be5 32. Rxb3 Ba6 33. Nc1 Bc4 34. Rb2
a5 35. Rb1 Bf4 36. Ne2 Be5 37. Nc1 a4 38. Ne2 a3 39. Ra1 Rfb8 40. Rb1 a2 41. Ra1
Bxa1 42. Qxa1 Qc5 43. Kg1 Re8 44. Nc3 Rxe1+ 45. Qxe1 a1=Q 46. Bd1 Qd4 47. g3
Qaxc3 48. Qxc3 Qxc3 49. h4 Qd2 50. Bg4 Ra1+ 51. Kg2 Qe1 52. Kf3 Qe4# 0-1

[Event "Challenge"]
[Site "http://www.queenalice.com/game.php?id=1524127"]
[Date "2018.4.19"]
[Round "-"]
[White "cavaliernoir"]
[Black "vieri"]
[Result "0-1"]
[WhiteElo "1515"]
[BlackElo "1528"]

1. d4 d5 2. e3 Nf6 3. Bb5+ c6 4. Bd3 g6 5. c4 Bg7 6. b3 Be6 7. Nf3 dxc4 8. bxc4
Qa5+ 9. Bd2 Qc7 10. Nc3 Ng4 11. Ng5 Bd7 12. e4 Nxh2 13. e5 Ng4 14. Na4 h6 15.
Ne4 O-O 16. Nec5 Bc8 17. Nc3 b6 18. N5e4 f6 19. exf6 exf6 20. Ng3 Qe7+ 21. Nge2
f5 22. O-O Qd6 23. Na4 Qa3 24. Nac3 c5 25. Nf4 cxd4 26. Nb5 Qc5 27. Nxg6 Rf6 28.
Nh4 a6 29. Nxd4 Qxd4 30. Bc3 Qxc3 31. Nxf5 Bxf5 32. Bxf5 Rxf5 33. Qxg4 Rf7 34.
Qe6 Nd7 35. Qc6 Raf8 36. f3 Qd4+ 37. Rf2 Qxa1+ 38. Kh2 Qe1 39. Rc2 Be5+ 40. g3
Qxg3+ 41. Kh1 Qh3+ 42. Kg1 Rg7+ 43. Kf2 Qh2+ 44. Ke3 Qxc2 45. c5 Qc1+ 46. Ke4
Qf4+ 47. Kd3 Qd4+ 48. Ke2 Rg2+ 49. Kf1 Qf2# 0-1

[Event "Challenge"]
[Site "http://www.queenalice.com/game.php?id=1524927"]
[Date "2018.4.25"]
[Round "-"]
[White "edemarc"]
[Black "vieri"]
[Result "1-0"]
[WhiteElo "1500"]
[BlackElo "1539"]

1. e4 e5 2. Nf3 Qe7 3. b3 Nf6 4. d3 g6 5. Bg5 Bg7 6. Qd2 d6 7. h3 h6 8. Be3 Nh5
9. g4 Nf4 10. Bxf4 g5 11. Be3 Nc6 12. c3 O-O 13. h4 Bxg4 14. Be2 a5 15. b4 a4
16. b5 Na5 17. hxg5 h5 18. Na3 b6 19. c4 c5 20. Rc1 Qe6 21. d4 exd4 22. Nxd4
cxd4 23. Bxd4 Qxe4 24. Rh4 Qg2 25. Rc3 Qg1+ 26. Bf1 Rae8+ 27. Be3 Bf3 28. Nc2
Bg2 29. Qe2 Bxf1 30. Qxf1 Bxc3+ 31. Ke2 Qxf1+ 32. Kxf1 Re5 33. Rxh5 Rf5 34. Bxb6
Nb7 35. Rh3 Bd2 36. Nd4 Rxg5 37. Nf3 Nc5 38. Nxd2 Re8 39. Nf3 Rg4 40. Bc7 Rxc4
41. Rg3+ Kh7 42. Ng5+ Kg7 43. Ne4+ Kf8 44. Bxd6+ Re7 45. Nf6 Rc1+ 46. Kg2 Re1
47. Bxc5 Rc1 48. Nh7+ Ke8 49. Rg8+ Kd7 50. Nf8+ Ke8 51. Ng6+ Kd7 52. Bxe7 fxg6
53. Rg7 Rb1 54. Bc5+ Ke6 55. b6 Kf6 56. Bd4+ Kf5 57. b7 Rb4 58. Ba7 Kf6 59. Rc7
Kg5 60. b8=Q Rxb8 61. Bxb8 Kf4 62. Ra7+ Ke4 63. Rxa4+ Kd3 64. Rg4 Kc3 65. a4 Kb3
66. a5 Kc3 67. a6 1-0

[Event "Challenge"]
[Site "http://www.queenalice.com/game.php?id=1531858"]
[Date "2018.6.19"]
[Round "-"]
[White "vieri"]
[Black "colonelkurtz"]
[Result "1-0"]
[WhiteElo "1543"]
[BlackElo "1456"]

1. Nf3 c5 2. g3 d5 3. d4 c4 4. Bg2 b5 5. c3 e6 6. O-O Nc6 7. a4 b4 8. cxb4 Nxb4
9. Ne5 Bd6 10. Bd2 Qb6 11. Be3 f6 12. Nf3 a5 13. Na3 g5 14. h4 g4 15. Nb5 gxf3
16. exf3 e5 17. Nxd6+ Qxd6 18. dxe5 Qxe5 19. Bc5 Qxb2 20. Re1+ Kf7 21. Qxd5+
Nxd5 22. f4 Bb7 23. Rab1 Qc3 24. Bxd5+ Bxd5 25. Rbd1 Rd8 26. Bb6 Rd7 27. Re3 Qb2
28. Rxd5 1-0

[Event "Challenge"]
[Site "http://www.queenalice.com/game.php?id=1535474"]
[Date "2018.7.19"]
[Round "-"]
[White "vieri"]
[Black "EdBrazil"]
[Result "0-1"]
[WhiteElo "1556"]
[BlackElo "1523"]

1. Nf3 d6 2. g3 Bg4 3. h3 Bf5 4. Bg2 c6 5. O-O Qd7 6. d3 h5 7. Ng5 f6 8. Nf3
Bxh3 9. Bxh3 Qxh3 10. Nh2 Nh6 11. Re1 Ng4 12. Nxg4 hxg4 13. f4 Qxg3+ 14. Kf1
Rh1# 0-1

[Event "Challenge"]
[Site "http://www.queenalice.com/game.php?id=1535476"]
[Date "2018.7.19"]
[Round "-"]
[White "vieri"]
[Black "EEC"]
[Result "0-1"]
[WhiteElo "1539"]
[BlackElo "2122"]

1. Nf3 Nc6 2. c3 e5 3. d3 Nf6 4. h3 d5 5. g3 Bf5 6. Na3 Bxa3 7. bxa3 O-O 8. d4
e4 9. Nh4 Ne7 10. Nxf5 Nxf5 11. g4 Nh4 12. Qb3 b6 13. Be3 h6 14. O-O-O Qd6 15.
a4 Rab8 16. Kb2 c5 17. dxc5 bxc5 18. Bxc5 Rxb3+ 19. axb3 Qxc5 20. e3 Rb8 21. Rg1
a5 22. g5 Nf3 23. Rg3 Nxg5 24. h4 Qb6 25. Kc2 Qxb3+ 26. Kd2 Nf3+ 27. Rxf3 Qb2+
28. Ke1 Qxc3+ 29. Rd2 Rb1+ 30. Ke2 Qc4+ 31. Rd3 Qxd3# 0-1